000 00816nam a2200241Ia 4500
005 20251020182454.0
008 200515s9999 xx 000 0 und d
082 _a624/C28
100 _aCuadros Ayqui, Quintin
245 0 _aCarpintería en Aluminio y Vidrio
260 _aLima
260 _bCCC Ediciones
260 _c2013
300 _a104 p.
300 _bil., col., tbl., graf.
500 _a1 ejemplar
520 _aDesarrollado para brindar un alto rendimiento, confort y una estética superior; todos los detalles han sido tomados en consideración para otorgar una funcionalidad acorde a las construcciones civiles de alta categoría. el diseño de cada perfil ha sido est
650 _aALUMINIO ARQUITECTONICO
650 _aCARPINTERIA
650 _aVIDRIO
942 _cLIB
999 _c959
_d959